LEADER 00791nam0-22003131i-450- 001 990003251620403321 005 20001010 035 $a000325162 035 $aFED01000325162 035 $a(Aleph)000325162FED01 035 $a000325162 100 $a20000920d1962----km-y0itay50------ba 101 0 $aita 105 $ay-------001yy 200 1 $a<>AMERIQUE CENTRALE 205 $a2 210 $aParis$cPresses Universitaires De France$d1962 215 $app. 124 610 0 $aAmerica Centrale 676 $a021.006 700 1$aAubrun,$bCharles V.$0129524 801 0$aIT$bUNINA$gRICA$2UNIMARC 901 $aBK 912 $a990003251620403321 952 $a021.006.AUB$b2040$fDECGE 959 $aDECGE 996 $aAMERIQUE CENTRALE$9449718 997 $aUNINA DB $aING01 LEADER 00907nam0-22003251i-450- 001 990006167490403321 005 20140926090758.0 035 $a000616749 035 $aFED01000616749 035 $a(Aleph)000616749FED01 035 $a000616749 100 $a20000112d1972----km-y0itay50------ba 101 0 $aeng 105 $a--------00-yy 200 1 $aProhibitions and Restraints in War$fSydney D. Bailey. 210 $aLondon,Oxford,New York$cOxford University Press ,$d1972 215 $aXIII,, 194 p.$d24 cm 676 $a303.485 700 1$aBailey,$bSydney Dawson$0281029 801 0$aIT$bUNINA$gRICA$2UNIMARC 901 $aBK 912 $a990006167490403321 952 $aDI V 356$b2515$fDEC 952 $aX D 238$b106565$fFGBC 952 $aDI 5/356$b2515$fDEC 959 $aDEC 959 $aFGBC 959 $aDEC 996 $aProhibitions and Restraints in War$9644639 997 $aUNINA LEADER 01200nam--2200409---450- 001 990000437260203316 005 20060404095204.0 010 $a88-7694-084-2 035 $a0043726 035 $aUSA010043726 035 $a(ALEPH)000043726USA01 035 $a0043726 100 $a20010509d1991----km-y0itay0103----ba 101 $aita 102 $aIT 105 $a||||||||001yy 200 1 $aCoincidenze$fEttore Bonora 210 $aAlessandria$cEdizioni dell'Orso$d1991 215 $aXVIII, 116 p.$d24 cm 225 2 $aContributi e proposte$v13 410 $12001$aContributi e proposte$v13 461 1$1001-------$12001 606 0 $aCritica letteraria italiana$xSaggi 676 $a801.950945 700 1$aBONORA,$bEttore$0154361 801 0$aIT$bsalbc$gISBD 912 $a990000437260203316 951 $aVI.3. Coll.96/ 9(V C COLL. 175/13)$b124628 LM$cV C COLL. 959 $aBK 969 $aUMA 979 $aPATTY$b90$c20010509$lUSA01$h1733 979 $aPATTY$b90$c20010509$lUSA01$h1734 979 $c20020403$lUSA01$h1652 979 $aPATRY$b90$c20040406$lUSA01$h1630 979 $aCOPAT5$b90$c20060404$lUSA01$h0952 996 $aCoincidenze$9874004 997 $aUNISA